Utilidad necesaria de la de imputación en sistema penal colombiano (Registro nro. 713)

Detalles MARC
000 -LEADER
fixed length control field 02984nmm a2200289 a 4500
003 - CONTROL NUMBER IDENTIFIER
control field CO-CtgCURN
005 - DATE AND TIME OF LATEST TRANSACTION
control field 20250721203649.0
008 - FIXED-LENGTH DATA ELEMENTS--GENERAL INFORMATION
fixed length control field 240624s2024 xx f 000 0 und d
040 ## - CATALOGING SOURCE
Original cataloging agency CO-CtgCURN
Language of cataloging spa
Transcribing agency coctgcurn
082 ## - DEWEY DECIMAL CLASSIFICATION NUMBER
Classification number DER 2024
Item number P434
100 ## - MAIN ENTRY--PERSONAL NAME
Personal name Perea Castro, Andrea Vanessa
Relator term autora
9 (RLIN) 9902
245 #0 - TITLE STATEMENT
Title Utilidad necesaria de la de imputación en sistema penal colombiano
Medium [electronic resource] /
Statement of responsibility, etc. Andrea Vanessa Perea Castro; Tatiana Milena Venegas Jiménez; asesora., Margarita Rosa Rodelo García
260 ## - PUBLICATION, DISTRIBUTION, ETC.
Place of publication, distribution, etc. Barranquilla, Atlántico :
Name of publisher, distributor, etc. Corporación Universitaria Rafael Núñez,
Date of publication, distribution, etc. 2024
300 ## - PHYSICAL DESCRIPTION
Extent 1 recurso en línea (44 páginas (PDF)) :
Other physical details tablas, ilustraciones
502 ## - DISSERTATION NOTE
Dissertation note Trabajo de Grado (Abogado). Corporación Universitaria Rafael Núñez. Facultad de Ciencias Sociales y Humanas. Programa de Derecho, 2024
504 ## - BIBLIOGRAPHY, ETC. NOTE
Bibliography, etc. note Incluye referencias bibliográficas
520 ## - SUMMARY, ETC.
Summary, etc. Diariamente podemos apreciar la imputación en el sistema penal colombiano, esto a cada persona indiciada de cometer algún acto criminal, tiene como fin la determinación en pleno de una conducta ilícita, que afecte directamente los bienes jurídicos consagrados, ya sea persona natural o jurídica. esto es un conjunto concretado por hechos probados de manera suficiente que indiquen la factible participación de una persona en el hecho objeto de investigación. El problema de la utilidad de la imputación en el proceso penal colombiano se desenlaza desde la vigencia de la ley 906 de 2004, ya que se pueden apreciar una variedad de características que ponen cierta delimitación, esto respecto a la comunicación que debe de originarse entre la persona y el estado. Nuestra carta magna en sus artículos 29 y 250 nos hace referencia a la obligación que todo proceso conforme a derecho penal debe llevar. Se tiene el concepto de que la imputación es un acto de comunicación, esto causa que se pierda la verdadera función de esta, trayendo consigo elementos viciados, referentes a la falta de aplicación de los factores metodológicos. Hay una brecha llamada inexistencia, es decir factores del desarrollo del proceso a las personas vinculadas a un proceso penal, que implican la falta de protección de derechos; esto trae consecuencias fácticas muy graves como son los elementos viciados en el correcto desarrollo del proceso penal, como lo es la posición del "imputado".
521 ## - TARGET AUDIENCE NOTE
Target audience note AREA PROFESIONAL
590 ## - LOCAL NOTE (RLIN)
Local note Programa de Derecho_18
650 ## - SUBJECT ADDED ENTRY--TOPICAL TERM
Topical term or geographic name entry element Derecho
Form subdivision Tesis y disertaciones académicas
9 (RLIN) 9903
650 ## - SUBJECT ADDED ENTRY--TOPICAL TERM
Topical term or geographic name entry element Responsabilidad penal
9 (RLIN) 9904
700 ## - ADDED ENTRY--PERSONAL NAME
Personal name Rodelo García, Margarita Rosa
Relator term asesora
9 (RLIN) 9905
700 ## - ADDED ENTRY--PERSONAL NAME
Personal name Venegas Jiménez, Tatiana Milena
Relator term autora
9 (RLIN) 9906
856 ## - ELECTRONIC LOCATION AND ACCESS
Uniform Resource Identifier <a href="https://unicurn.sharepoint.com/:b:/s/biblioteca/EZZ6eSPcNj5OspG1kJ2C0dsB_oprizop7XCq0w9hefijOA?e=wrXHbo">https://unicurn.sharepoint.com/:b:/s/biblioteca/EZZ6eSPcNj5OspG1kJ2C0dsB_oprizop7XCq0w9hefijOA?e=wrXHbo</a>
Link text Consulte aquí el texto completo
942 ## - ADDED ENTRY ELEMENTS (KOHA)
Koha item type Trabajos de grado
Classification part DER 2024
Item part P434
Source of classification or shelving scheme Dewey Decimal Classification
Suppress in OPAC No
Existencias
Withdrawn status Lost status Damaged status Not for loan Collection Home library Current library Shelving location Date acquired Inventory number Total checkouts Full call number Barcode Date last seen Copy number Price effective from Koha item type
        Trabajos de grado Miguel Henríquez Castañeda Barranquilla Miguel Henríquez Castañeda Barranquilla Trabajo de grado 06/24/2024 05364   DER 2024 P434 05364 06/24/2024 ej.1 06/24/2024 Trabajos de grado